| LEADER | 00491nam a2200193Ia 4500 | ||
|---|---|---|---|
| 001 | CTU_43041 | ||
| 008 | 210402s9999 xx 000 0 und d | ||
| 082 | |a 540 | ||
| 082 | |b D698 | ||
| 100 | |a Dorin, Henry | ||
| 245 | 0 | |a Chemistry : | |
| 245 | 4 | |b The study of matter | |
| 245 | 0 | |c Henry Dorin | |
| 260 | |a Newton, Massachusetts | ||
| 260 | |b Allyn and Bacon | ||
| 260 | |c 1982 | ||
| 650 | |a Chemistry | ||
| 904 | |i Minh, Hải | ||
| 980 | |a Trung tâm Học liệu Trường Đại học Cần Thơ | ||